2026 PDC World Darts Championship Players - Statistics

General Stats
  • This quiz has been taken 233 times
  • The average score is 64 of 128
Answer Stats
Country Player % Correct
England (1) Luke Littler
98%
England (2) Luke Humphries
97%
Netherlands (3) Michael van Gerwen
97%
Wales (9) Gerwyn Price
94%
Wales (5) Jonny Clayton
93%
England (4) Stephen Bunting
93%
Netherlands (10) Gian van Veen
90%
Northern Ireland (11) Josh Rock
89%
Scotland (14) Gary Anderson
88%
Netherlands (6) Danny Noppert
85%
England (12) Ross Smith
85%
Australia (16) Damon Heta
83%
England (28) Michael Smith
83%
Scotland (30) Peter Wright
82%
Northern Ireland (22) Daryl Gurney
81%
Germany (13) Martin Schindler
79%
Poland (37) Krzysztof Ratajski
78%
England (7) James Wade
77%
England (17) Rob Cross
77%
Belgium (18) Mike De Decker
76%
Belgium (23) Dimitri Van den Bergh
75%
England (15) Nathan Aspinall
74%
England (8) Chris Dobey
73%
Germany Gabriel Clemens
69%
Singapore Paul Lim
67%
Germany (33) Ricardo Pietreczko
67%
Latvia Madars Razma
66%
Netherlands (19) Jermaine Wattimena
65%
Scotland (26) Cameron Menzies
64%
Netherlands (35) Raymond van Barneveld
64%
England (20) Ryan Searle
64%
Northern Ireland (39) Brendan Dolan
63%
Australia Simon Whitlock
63%
England (21) Dave Chisnall
61%
Ireland William O'Connor
61%
Sweden Jeffrey de Graaf
60%
Czech Republic Karel Sedláček
60%
Sweden Andreas Harrysson
59%
Portugal Jose de Sousa
59%
France Thibault Tricole
59%
England Beau Greaves
58%
Netherlands (29) Dirk van Duijvenbode
58%
England (32) Joe Cullen
58%
Austria Mensur Suljović
58%
United States of America Leonard Gates
56%
Lithuania Darius Labanauskas
55%
England Fallon Sherrock
55%
England (25) Luke Woodhouse
55%
India Nitin Kumar
54%
England (36) Scott Williams
54%
Belgium Kim Huybrechts
53%
Netherlands (31) Wessel Nijman
53%
England (34) Andrew Gilding
52%
Norway Cor Dekker
52%
England Lisa Ashton
50%
Japan Motomu Sakai
50%
England (24) Ryan Joyce
50%
Philippines Alexis Toylo
49%
Germany Arno Merk
49%
Spain Cristo Reyes
49%
Ireland Keane Barry
48%
Germany Niko Springer
48%
Phlippines Paolo Nebrida
48%
Croatia Boris Krčmar
47%
Switzerland Stefan Bellmont
47%
Canada Matt Campbell
46%
England (40) Ricky Evans
46%
Kenya David Munyua
45%
England Justin Hood
45%
Netherlands Kevin Doets
45%
Germany Max Hopp
45%
England (27) Ritchie Edhouse
45%
Poland Sebastian Białecki
45%
Scotland Alan Soutar
44%
England Charlie Manby
44%
England (38) Martin Lukeman
43%
New Zealand Haupai Puha
41%
New Zealand Jonny Tata
41%
Hong Kong Man Lok Leung
41%
Philippines Lourence Ilagan
40%
Northern Ireland Mickey Mansell
40%
Wales David Davies
39%
England Dom Taylor
39%
Germany Lukas Wenig
39%
Australia Joe Comito
38%
Ireland Steve Lennon
38%
Czech Republic Adam Gawlas
37%
Netherlands Niels Zonneveld
37%
Poland Krzysztof Kciuk
36%
Wales Nick Kenny
36%
Netherlands Noa-Lynn van Leuven
36%
Sweden Oskar Lukasiak
36%
United States of America Stowe Buntz
36%
Finland Teemu Harju
36%
England James Hurrell
35%
Belgium Mario Vandenbogaerde
35%
England Mervyn King
34%
Netherlands Wesley Plaisier
34%
England Ian White
33%
China Xiaochen Zong
33%
United States of America Adam Sevada
32%
Belgium Andy Baetens
32%
England Bradley Brooks
32%
England Callan Rydz
32%
England Connor Scutt
32%
Argentina Jesus Salate
32%
Scotland Darren Beveridge
31%
Japan Mitsuhiko Tatsunami
31%
Japan Ryusei Azemoto
31%
Canada David Cameron
30%
England Ryan Meikle
30%
England Gemma Hayter
29%
England Cam Crabtree
28%
Netherlands Richard Veenstra
28%
Australia Tim Pusey
28%
United States of America Alex Spellman
27%
Netherlands Jamai van den Herik
27%
Germany Dominik Grüllich
26%
Hungary Patrik Kovács
26%
England Adam Hunt
22%
Netherlands Jurjen van der Velde
22%
England Adam Lipscombe
21%
England Owen Bates
21%
England Stephen Burton
21%
England Ted Evetts
20%
Netherlands Chris Landman
19%
England Tavis Dudeney
18%
England Matthew Dennant
13%
No matching quizzes found
Score Distribution
Percent of People with Each Score
Percentile by Number Answered
Your Score History
You have not taken this quiz